| 000 | 00672cam a22002413a 4500 | ||
|---|---|---|---|
| 001 | 17670 | ||
| 003 | PGUSA | ||
| 005 | 20140828083357.0 | ||
| 008 | 060203s2006||||xxu|||||s|||||000 1 eng d | ||
| 040 |
_aPGUSA _beng |
||
| 042 | _adc | ||
| 050 | 4 | _aPZ | |
| 100 | 1 | _aMarcel, Jeanne | |
| 245 | 1 | 0 |
_aLes petits vagabonds _h[electronic resource] / _cJeanne Marcel |
| 260 |
_bProject Gutenberg, _c2006 |
||
| 506 | _aPublic domain in the USA. | ||
| 516 | _aElectronic text | ||
| 653 | _aOrphans -- Juvenile fiction | ||
| 700 | 1 |
_aBayard, Émile Antoine, _d1837-1891 |
|
| 830 | 0 |
_aProject Gutenberg _v17670 |
|
| 856 | 4 | 0 | _uhttp://www.gutenberg.org/ebooks/17670 |
| 942 | _cEB | ||
| 999 |
_c246925 _d246925 |
||